| 000 | 00637cam a22002293a 4500 | ||
|---|---|---|---|
| 001 | 37418 | ||
| 003 | PGUSA | ||
| 005 | 20140828083824.0 | ||
| 008 | 110919s2011||||xxu|||||s|||||000 | eng d | ||
| 040 |
_aPGUSA _beng |
||
| 042 | _adc | ||
| 100 | 1 | _aStrang, Herbert | |
| 245 | 1 | 0 |
_aPalm Tree Island _h[electronic resource] / _cHerbert Strang |
| 260 |
_bProject Gutenberg, _c2011 |
||
| 506 | _aPublic domain in the USA. | ||
| 516 | _aElectronic text | ||
| 700 | 1 |
_aWright, Alan, _d1864- |
|
| 700 | 1 |
_aWebb, Archibald, _d1887-1944 |
|
| 830 | 0 |
_aProject Gutenberg _v37418 |
|
| 856 | 4 | 0 | _uhttp://www.gutenberg.org/ebooks/37418 |
| 942 | _cEB | ||
| 999 |
_c266672 _d266672 |
||